LEADER 01416oam 2200433zu 450 001 9910164269603321 005 20210807002219.0 010 $a0-8031-6755-5 035 $a(CKB)3170000000044748 035 $a(SSID)ssj0001489792 035 $a(PQKBManifestationID)11824669 035 $a(PQKBTitleCode)TC0001489792 035 $a(PQKBWorkID)11459357 035 $a(PQKB)10520919 035 $a(NjHacI)993170000000044748 035 $a(EXLCZ)993170000000044748 100 $a20160829d1966 uy 101 0 $aeng 135 $aur||||||||||| 181 $ctxt 182 $cc 183 $acr 200 10$aCold Cleaning with Halogenated Solvents 210 31$a[Place of publication not identified]$cAmerican Society for Testing & Materials$d1966 215 $a1 online resource (31 pages) $cillustrations 225 1 $aASTM STP ;$vNumber 403 300 $aBibliographic Level Mode of Issuance: Monograph 311 $a0-8031-6626-5 410 0$aASTM special technical publication ;$vNumber 403. 606 $aCleaning compounds 615 0$aCleaning compounds. 676 $a668.1 700 $aBennett$b Edward J.$0324371 712 02$aAmerican Society for Testing and Materials.$bCommittee D-26 on Halogenated Organic Solvents 801 0$bPQKB 906 $aBOOK 912 $a9910164269603321 996 $aCold Cleaning with Halogenated Solvents$93431236 997 $aUNINA LEADER 01747nam 2200409z- 450 001 9910689590203321 005 20030310105629.0 035 $a(CKB)5860000000018160 035 $a(BIP)008673006 035 $a(EXLCZ)995860000000018160 100 $a20220406c2002uuuu -u- - 101 0 $aeng 200 10$aAssessing the California energy crisis $ehow did we get to this point, and where do we go from here? : joint hearings before the Subcommittee on Energy Policy, Natural Resources, and Regulatory Affairs and the Committee on Government Reform, House of Representatives, One Hundred Seventh Congress, first session, April 10, 11, and 12, 2001 215 $a1 online resource (iv, 686 p.) $cill 311 $a0-16-068413-7 517 $aAssessing the California energy crisis 606 $aEnergy policy$zCalifornia 606 $aEnergy industries$zCalifornia 606 $aPower resources$zCalifornia$xCosts 606 $aElectric utilities$xDeregulation$zCalifornia 610 $aEnergy policy 610 $aEnergy industries 610 $aPower resources 610 $aElectric utilities 610 $aPolitical science 610 $aBusiness & economics 610 $aTechnology & engineering 615 0$aEnergy policy 615 0$aEnergy industries 615 0$aPower resources$xCosts. 615 0$aElectric utilities$xDeregulation 712 02$aUnited States, Congress House Committee on Government Reform Subcommittee on Energy Policy, Natural Resources, and Regulatory Affairs Staff,$4oth 712 02$aUnited States, Congress House Committee on Government Reform Staff,$4oth 906 $aBOOK 912 $a9910689590203321 996 $aAssessing the California energy crisis$93220533 997 $aUNINA